Central Library OPAC University of Rajshahi

Intellectual growth in young children / (Record no. 52611)

MARC details
000 -LEADER
fixed length control field 00860nam a2200253 a 4500
001 - CONTROL NUMBER
control field 52611
003 - CONTROL NUMBER IDENTIFIER
rucl marc code BD-RjUL
005 - DATE AND TIME OF LATEST TRANSACTION
control field 20211209075832.0
008 - FIXED-LENGTH DATA ELEMENTS--GENERAL INFORMATION
fixed length control field 160924m19301950enk 001 0 eng d
035 ## - SYSTEM CONTROL NUMBER
System control number (BD-RjUL)52731
040 ## - CATALOGING SOURCE
Original cataloging agency OKU
Transcribing agency OKU
Language of cataloging eng
Modifying agency BD-RjUL
041 ## - LANGUAGE CODE
Language code of text/sound track or separate title eng
082 ## - DEWEY DECIMAL CLASSIFICATION NUMBER
Edition number 23
Classification number 370.15
Author mark and year ISI 1950
100 1# - MAIN ENTRY--PERSONAL NAME
Personal name Isaacs, Susan
Dates associated with a name 1885-1948.
9 (RLIN) 157352
245 10 - TITLE STATEMENT
Title Intellectual growth in young children /
Statement of responsibility, etc. by Susan Isaacs ; with an appendix on children's "why" questions by Nathan Iaacs
260 ## - PUBLICATION, DISTRIBUTION, ETC. (IMPRINT)
Place of publication, distribution, etc. London :
Name of publisher, distributor, etc. Routledge,
Date of publication, distribution, etc. 1930, [six impression 1950]
300 ## - PHYSICAL DESCRIPTION
Pagination xi, 370 p. ;
Size 23 cm
490 1# - SERIES STATEMENT
Series statement The behaviour of young children ;
Volume/sequential designation 1
500 ## - GENERAL NOTE
General note Includes index
650 #0 - SUBJECT ADDED ENTRY--TOPICAL TERM
Topical term or geographic name as entry element Educational psychology
9 (RLIN) 157353
700 1# - ADDED ENTRY--PERSONAL NAME
Personal name Isaacs, Nathan,
Dates associated with a name 1895-1966.
830 #4 - SERIES ADDED ENTRY--UNIFORM TITLE
Uniform title The behaviour of young children ;
Volume number/sequential designation 1
942 ## - ADDED ENTRY ELEMENTS (KOHA)
Source of classification or shelving scheme Dewey Decimal Classification
Koha item type Books
Holdings
Lost status Source of classification or shelving scheme Damaged status Not for loan Collection code Permanent Location Current Location Shelving location Date acquired Source of acquisition Cost, normal purchase price Total Checkouts Full call number Date last seen Copy number Koha item type
  Dewey Decimal Classification     Non-fiction Central Library, University of Rajshahi Central Library, University of Rajshahi   20/09/1956 B.H.Blackwell 1.15   370.15 ISI 1950 24/09/2016 C-2 Books
  Dewey Decimal Classification     Non-fiction Central Library, University of Rajshahi Central Library, University of Rajshahi   05/02/1955 U.B.D. Rajshahi 13.20   370.15 ISI 1950 29/10/2016 C-3 Books